[Event "HUN-chT2 Asztalos 2223"]
[Site "Hungary"]
[Date "2023.02.12"]
[Round "5.12"]
[White "Csek, Mate Barnabas"]
[Black "Pakolicz, Gyula"]
[Result "1-0"]
[WhiteElo "1262"]
[BlackElo "1584"]
[PlyCount "157"]
[EventDate "2022.11.20"]
[EventType "team-tourn"]
[EventRounds "10"]
[EventCountry "HUN"]
[SourceTitle "EXT 2025"]
[Source "ChessBase"]
[SourceDate "2024.10.14"]
[SourceVersion "1"]
[SourceVersionDate "2024.10.14"]
[SourceQuality "1"]
[WhiteTeam "Fehervar"]
[BlackTeam "Baja Spartacus"]
[WhiteTeamCountry "HUN"]
[BlackTeamCountry "HUN"]

1. e4 c5 2. Nf3 a6 3. d4 cxd4 4. Nxd4 e6 5. c4 b6 6. Nc3 Bb7 7. Bd3 Nc6 8. Nxc6 dxc6 9. Bf4 Nf6 10. 0-0 Be7 11. Qc2 0-0 12. e5 Nd7 13. Bxh7+ Kh8 14. Be4 Nc5 15. Rad1 Qc8 16. Bf3 Rd8 17. Rxd8+ Qxd8 18. Rd1 Qc7 19. Ne4 Nxe4 20. Bxe4 Rd8 21. Rd3 Rxd3 22. Qxd3 g6 23. h4 Qd8 24. Qxd8+ Bxd8 25. Be3 Kg7 26. Bg5 Bc7 27. Bf6+ Kh6 28. g4 b5 29. cxb5 axb5 30. Kg2 Bb6 31. f4 Be3 32. Kg3 Bd4 33. b3 b4 34. g5+ Kh7 35. h5 Bc5 36. hxg6+ fxg6 37. Kf3 Bd4 38. Be7 Bc3 39. Ke3 Kg7 40. Bc5 Kf7 41. Bd3 Kg7 42. Bc4 Bc8 43. Bd4 Be1 44. Ke2 Bg3 45. Be3 Kf7 46. Bd2 c5 47. Kf3 Bh4 48. Be3 Bb7+ 49. Kg4 Be1 50. Bxc5 Be4 51. a4 bxa3 52. Bxa3 Ba5 53. Bc1 Bb6 54. Kg3 Ke7 55. Ba3+ Kf7 56. Bc1 Ke7 57. Bd2 Kd7 58. b4 Ke7 59. Be2 Kd7 60. b5 Ke7 61. Bf3 Bd3 62. Bc6 Be2 63. Be1 Kd8 64. Bf2 Kc7 65. Bxb6+ Kxb6 66. Kf2 Bd3 67. Ke3 Bb1 68. Kd4 Bc2 69. Bd7 Bf5 70. Be8 Bc2 71. Kc4 Be4 72. Bf7 Bf5 73. Kb4 Kb7 74. Kc5 Kc7 75. b6+ Kb7 76. Kd6 Kxb6 77. Bxe6 Be4 78. Bf7 Kb7 79. e6 1-0